Political agenda of education : (Record no. 125578)

MARC details
000 -LEADER
fixed length control field 00809nam a22002297a 4500
005 - DATE AND TIME OF LATEST TRANSACTION
control field 20170124105957.0
010 ## - LIBRARY OF CONGRESS CONTROL NUMBER
LC control number A-607177
020 ## - INTERNATIONAL STANDARD BOOK NUMBER
Terms of availability 00.00
International Standard Book Number 8170362407
035 ## - SYSTEM CONTROL NUMBER
System control number A-607177
037 ## - SOURCE OF ACQUISITION
Source of stock number/acquisition Cen Lib/Ret
040 ## - CATALOGING SOURCE
Original cataloging agency DPL
Language of cataloging EN
082 ## - DEWEY DECIMAL CLASSIFICATION NUMBER
Classification number 370.190954
Item number KRI
100 ## - MAIN ENTRY--PERSONAL NAME
Personal name Krishna Kumar
9 (RLIN) 14827
245 ## - TITLE STATEMENT
Title Political agenda of education :
Statement of responsibility, etc by Krishan Kumar
Remainder of title a study of colonialist and nationalist ideas /
260 ## - PUBLICATION, DISTRIBUTION, ETC. (IMPRINT)
Place of publication, distribution, etc New Delhi
Name of publisher, distributor, etc Sage Publications
Date of publication, distribution, etc 1991
270 ## - ADDRESS
City New Delhi
Postal code 110048
Address M-32, graeter kailash-1
300 ## - PHYSICAL DESCRIPTION
Extent 210p.
Dimensions 21cm(Hb)
500 ## - GENERAL NOTE
General note Includes bibliographical references and index
650 ## - SUBJECT ADDED ENTRY--TOPICAL TERM
Topical term or geographic name as entry element Nationalism and Education
Geographic subdivision India
General subdivision History
9 (RLIN) 14828
650 ## - SUBJECT ADDED ENTRY--TOPICAL TERM
Topical term or geographic name as entry element Education
General subdivision Social aspect
Geographic subdivision India-history
9 (RLIN) 14829
942 ## - ADDED ENTRY ELEMENTS (KOHA)
Source of classification or shelving scheme Dewey Decimal Classification
Koha item type English Books
Classification part 370.190954
Call number suffix KRI
Holdings
Withdrawn status Lost status Damaged status Not for loan Home library Current library Date acquired Source of acquisition Cost, normal purchase price Total Checkouts Full call number Barcode Date last seen Copy number Cost, replacement price Price effective from Koha item type Public note
Written off       Central Library Central Library 22/06/2015 Cen Lib/Ret 0.00   370.190954 KRI A-607177 22/06/2015 1 0.00 22/06/2015 English Books W/d List No. 6886/15 ; dtd 07/09/2020

© Delhi Public Library
Hit Counter
free hit counter